000 01075 a2200253 4500
001 45781
005 20260407155729.0
008 260407a1988 arg spa d
003 AR-UNSa-BCEJYS
040 _aAR-UNSa-BCEJYS
_bspa
_cAR-UNSa-BCEJYS
080 _a330.35
_xCrecimiento económico
245 1 0 _aCrecimiento y desarrollo
020 _a84-281-0627-4
264 1 _aBarcelona :
_bOikos-tau
_c1988
300 _a43 p.
_c17 cm.
505 _a1. La utilización de los conceptos de crecimiento y desarrollo – 2. Evolución, crecimiento y desarrollo – 3. Historia y evolución del pensamiento económico – 4. Crecimiento, desarrollo e historia económica – 5. La escuela de los <<Annales>> - 6. Hacia la superación de los conceptos de crecimiento y desarrollo.
041 _aspa
942 _cBK
590 _aniveau_biblio:m niveau_hierar:0
100 1 _aRiera R., Jaime
700 1 _aCarmagnani, Marcello
700 1 _aFernández, Luis Ángel
856 4 1 _uhttps://www.biblioeco.unsa.edu.ar/pmb/images/libros/L127184.jpg
_yImagen de portada
_qimage/jpeg
999 _c4001
_d4001